01959nam a2200289 a 450000100100000000500170001000800410002702000150006802000180008304000250010108200190012610000330014524501130017826000340029130000210032549000430034650000520038950000590044150000460050050508050054665000510135165000530140270000340145583000470148995201200153699900130165600000082720200929145422.0090527s2002 sp 000 0 spa d a8449315492 a9788449315497 aDO-SdBNPbspacBNPHU a327.1273bJ35h1 aJeffreys-Jones, Rhodri9289810aHistoria de los servicios secretos norteamericanos /cRhodri Jeffreys-Jones ; traducción Mara Pino Moreno. aBarcelona :bPaidós,c2002. a392 p. ;c24 cm.0 aPaidós historia contemporanea ;v016 aTítulo original en inglés: Cloak and dollar aIncluye bibliografía y notas al pie de las páginas aIncluye índice analítico y de nombres0 aMirando hacia atrás con terror: prólogo de la segunda edición -- Prólogo -- Abreviaturas de las notas -- El espía norteamericano como estafador -- El estilo de Washington -- El legado de Allan Pinkerton -- ¿Desmanteló Wilkie la red de espionaje de Montreal? -- U-1: la agencia que nadie conocía -- Burns, Hoover y el desarrollo de la tradición del FBI -- H.O. Yardley: el héroe traidor -- Pearl Harbor en la historia del servicio de inteligencia -- La propaganda de lo superfluo: Will Bill Donovan y la OSS -- Allen Dulles y la CIA -- Cuba, Vietnam y el interludio retórico -- ¿Reformó el senador Church el servicio de inteligencia? -- La era Casey-Reagan: de la historia a la victoria -- ¿el verdadero siglo americano? -- Bibliografía -- Índice analítico y de nombres. 4aServicio de inteligenciazEstados Unidos92899 4aServicio secretozEstados UnidosyHISTORIA929001 aPino Moreno, Mara,etr.92901 0aPaidós historia contemporanean01692902 0010758DSaBNPHUbBNPHUcHDd2009-08-26iLF1l0o327.1273 J35hp827-10r2020-06-25w2020-06-25yLF1ZNo se presta c823d823